|
|
|
|
| LEADER |
00752nam a2200193 i 4500 |
| 001 |
misc57964 |
| 005 |
20210923143445.0 |
| 008 |
210531suuuu hu o 0|| hun d |
| 040 |
|
|
|a SZTE Miscellanea Repozitórium
|b hun
|
| 041 |
|
|
|a hun
|
| 100 |
1 |
|
|a Zsilinszky Mihály
|
| 245 |
1 |
0 |
|a Dugonics-Társaság évkönyve II.
|h [elektronikus dokumentum] :
|b képek Csongrád vármegye múltjából /
|c Zsilinszky Mihály
|
| 260 |
|
|
|a Dugonics Társaság
|
| 300 |
|
|
|a p. 84-269.
|c 23 cm
|
| 650 |
|
4 |
|a Bölcsészettudományok
|
| 650 |
|
4 |
|a Nyelvek és irodalom
|
| 650 |
|
4 |
|a Általános irodalomtudományok
|
| 695 |
|
|
|a Szellemi élet - magyar - 19-20. sz., Csongrád megye - irodalmi élet
|
| 856 |
4 |
0 |
|u http://misc.bibl.u-szeged.hu/57964/1/xb_98775.pdf
|z Dokumentum-elérés
|